000 00475nam a22001937a 4500
003 OSt
005 20180116183048.0
008 160725b xxu||||| |||| 00| 0 eng d
020 _a025603263
040 _c0
082 _a658.4 GIB 1985
100 _aGibson
245 _aOrganizations
_bBehavior Structure Process
_cGibson
250 _a5th
260 _aUSA
_bBusiness Publications Inc.
300 _a757 +p.
_bHB
440 _aOrganizations
942 _2ddc
_cBK
999 _c351523
_d351523